00442nam a22001457a 4500003000400000005001700004008004100021020001500062050002600077100002400103245010200127260003800229300002100267521000800288OSt20140310182958.0130208t xxu||||| |||| 00| 0 eng d a9712327655 aLB 1025.3b.Ac35 2003 aAcero, Victorina O. aPrinciples and strategies of teaching /cVictorina O. Acero, Evelyn S. Javier, Hermina A. Castro. aManila :b Rex Book Store,c2003. a284 p. :c22 cm. aEDU